| 000 | 00587nam a2200181 i 4500 | ||
|---|---|---|---|
| 001 | 149182 | ||
| 003 | ES-MaACL | ||
| 005 | 20230906203005.0 | ||
| 007 | t| | ||
| 008 | 071019s1966 ve ||||1| spa d | ||
| 100 | 1 |
_aVélez Boza, Fermín. _9113828 |
|
| 245 | 1 | 3 |
_aEl folklore en la alimentación venezolana / _cFermín Vélez Boza. |
| 260 |
_aCaracas : _bInstituto Nacional de Nutrición, _c1966. |
||
| 300 |
_a84 p. ; _c23 cm. |
||
| 650 | 1 | 4 |
_aAlimentación- _zVenezuela. _99728 |
| 710 | 2 |
_aInstituto Nacional de Nutrición (Venezuela) _95178 |
|
| 852 |
_aES-MaACL _jC-30176 _bR.60566 |
||
| 999 |
_c149182 _d149182 |
||